000 00729nam a2200265Ia 4500
003 OSt
005 20220912151501.0
006 a|||||r|||| 00| 0
007 ta
008 220909b |||||||| |||| 00| 0 eng d
024 _a33489
037 _cTextual
040 _aCSL
_beng
_cCSL
041 _aeng
082 _aC9B78:b6, M7
100 _aUlmer Gene Carleton Ed.
245 0 _aHydrREFmal experimental techniques
260 _aNew York
_b John Wiley
_c1987
300 _a523p.
_ccm.
650 _a High pressure
650 _aPhysics
700 _a Barnes Hupert Lloyd Ed.
942 _hC9B78:b6, M7
_cTEXL
_2CC
999 _c69594
_d69594